[Event "ch-RUS w 1st League"]
[Site "Serpukhov RUS"]
[Date "2003.02.27"]
[Round "8"]
[White "Sterliagova,T"]
[Black "Shaidullina,S"]
[Result "1/2-1/2"]
[WhiteElo "2156"]
[BlackElo "2275"]

1.d4 d5 2.c4 c6 3.Nf3 Nf6 4.Nc3 e6 5.e3 Nbd7 6.Qc2 b6 7.b3 Bb7 8.Be2 Be7
9.Bb2 O-O 10.O-O Rc8 11.e4 dxe4 12.Nxe4 c5 13.Nxf6+ Bxf6 14.Rad1 Qe7 15.dxc5 Nxc5
16.Bxf6 Qxf6 17.Rd6 Be4 18.Qd2 Bc6 19.Qd4 Qe7 20.Qf4 Bxf3 21.Bxf3 e5 22.Qd2 e4
23.Re1 f5 24.Qd5+ Kh8 25.Be2 Rce8 26.Bh5 Rd8 27.Rxd8 Rxd8 28.Qxf5 g6 29.Bxg6 hxg6
30.Qxg6 Qg7 31.Qh5+ Kg8 32.h3 Qf6 33.b4 Rd2 34.Qg4+ Kf8 35.Qg3 Rd3 36.Qb8+ Rd8
37.Qg3 Rd3 38.Qb8+ Rd8 39.Qg3 Rd3  1/2-1/2

[Event "ch-RUS w 1st League"]
[Site "Serpukhov RUS"]
[Date "2003.02.27"]
[Round "8"]
[White "Trotsenko,E"]
[Black "Pavlova,M"]
[Result "1-0"]
[WhiteElo "2096"]
[BlackElo "2055"]

1.c4 Nf6 2.Nc3 e6 3.Nf3 d5 4.e3 c6 5.d4 Be7 6.Be2 O-O 7.O-O Nbd7 8.b3 b6
9.Bb2 Bb7 10.cxd5 cxd5 11.Rc1 a6 12.Bd3 Ne4 13.Bb1 f5 14.Nxe4 dxe4 15.Nd2 Nf6
16.Nc4 Rc8 17.a3 Nd5 18.g3 Rf6 19.Ne5 Rxc1 20.Qxc1 Qe8 21.Qd1 g5 22.h3 Rh6
23.Kg2 Qf8 24.b4 Bd6 25.Rh1 Bxe5 26.dxe5 Rg6 27.Bd4 Rg7 28.Qd2 Qe8 29.Bc2 Bc6
30.Bd1 Rc7 31.Be2 Bb5 32.Bxb5 Qxb5 33.Rc1 Rc4 34.Qd1 Kg7 35.Rxc4 Qxc4 36.Qh5 h6
37.Qe8 a5 38.bxa5 bxa5 39.Qd7+ Kf8 40.Qd8+ Kf7 41.Qxa5 Qe2 42.Qa4 f4 43.gxf4 gxf4
44.Qd7+ Ne7 45.Bc5 Qf3+ 46.Kg1 Qxh3 47.Qxe7+ Kg8 48.Qf8+ Kh7 49.Qxf4 Qh5
50.Qxe4+  1-0

[Event "ch-RUS w 1st League"]
[Site "Serpukhov RUS"]
[Date "2003.02.28"]
[Round "9"]
[White "Fominykh,M"]
[Black "Gunina,V"]
[Result "0-1"]
[WhiteElo "2239"]
[BlackElo "2213"]

1.d4 d5 2.c4 c6 3.Nc3 Nf6 4.Nf3 e6 5.e3 Be7 6.Bd3 Nbd7 7.b3 O-O 8.O-O b6
9.Bb2 Bb7 10.Qe2 c5 11.Rfd1 cxd4 12.exd4 Re8 13.Ne5 Nf8 14.cxd5 Nxd5 15.Qg4 f5
16.Qf3 Nxc3 17.Qxb7 Nxd1 18.Rxd1 Ng6 19.Bb5 Qc8 20.Qxc8 Rexc8 21.Bc6 Nxe5
22.Bxa8 Rxa8 23.dxe5 Rc8 24.a4 Rc2 25.Bd4 Kf7 26.Kf1 Ke8 27.Rd3 Bb4 28.Be3 h6
29.h4 Ke7 30.g3 Bc3 31.Bf4 Bb2 32.b4 Bc3 33.b5 Bb2 34.Rb3 Bd4 35.Rf3 Ra2
36.Rd3 Rxa4 37.f3 Bc5 38.Be3 Rc4 39.f4 Bb4 40.Bd2 Ba5 41.Bxa5 bxa5 42.Rd6 Rb4
43.Ra6 Rxb5 44.Rxa7+ Kf8 45.Ra8+ Kf7 46.Ra7+ Kg6 47.Ra6 Kh5 48.Rxe6 Kg4 49.Kf2 Rb2+
50.Ke3 Rb3+ 51.Kf2 Rf3+ 52.Ke2 Kxg3 53.Rg6+ Kxf4 54.Rxg7 Re3+ 55.Kd2 Rxe5
56.Rg6 a4 57.Ra6 Re4 58.Rxh6 Rb4 59.Rg6 Rb2+ 60.Ke1 a3 61.Ra6 a2 62.Ra4+ Kg3  0-1

[Event "11th Fajr Open"]
[Site "Tehran IRI"]
[Date "2003.02.28"]
[Round "2"]
[White "Ardeshi,M"]
[Black "Noroozi,O"]
[Result "1/2-1/2"]
[WhiteElo "2320"]
[BlackElo "2127"]

1.d4 d5 2.c4 e6 3.Nc3 c6 4.e3 Nf6 5.Nf3 Nbd7 6.Bd3 dxc4 7.Bxc4 b5 8.Bb3 b4
9.Ne2 Be7 10.O-O O-O 11.Ng3 c5 12.e4 Bb7 13.e5 Nd5 14.Re1 Re8 15.Bc2 Nf8
16.dxc5 Bxc5 17.Ne4 Qb6 18.Nxc5 Qxc5 19.Bg5 Ng6 20.Qd2 Nb6 21.Rac1 Qa5 22.Be4 Bxe4
23.Rxe4 Qxa2 24.Rxb4 Nd5 25.Rbc4 Rab8 26.b4 Qa3 27.h4 h5 28.Be3 Nxe3 29.fxe3 Red8
30.Qc3 Qxc3 31.R1xc3 Ne7 32.e4 Ng6 33.Kf2 Rb5 34.Nd4 Rb6 35.Nf3 Rb5 36.Rc8 Rxc8
37.Rxc8+ Nf8 38.Rc4 Nd7 39.Ke3 Nxe5 40.Nxe5 Rxe5 41.Kd4 Rb5 42.Rc8+ Kh7 43.Kc4 Re5
44.Kd4 Rb5 45.Kc4 Re5 46.Kd4  1/2-1/2

[Event "4th ch-Asia"]
[Site "Doha QAT"]
[Date "2003.03.01"]
[Round "8"]
[White "Kotsur,P"]
[Black "Barua,D"]
[Result "0-1"]
[WhiteElo "2586"]
[BlackElo "2541"]

1.d4 d5 2.c4 e6 3.Nc3 Nf6 4.Nf3 c6 5.e3 Nbd7 6.Qc2 Bd6 7.g4 Nxg4 8.Rg1 h5
9.h3 Nh6 10.Rxg7 Qf6 11.Rh7 Rxh7 12.Qxh7 Nf8  0-1

[Event "FSIMA March"]
[Site "Budapest HUN"]
[Date "2003.03.02"]
[Round "2"]
[White "Papp,Ge"]
[Black "Jakab,A"]
[Result "1-0"]
[WhiteElo "2368"]
[BlackElo "2358"]

1.d4 d5 2.Nf3 c6 3.c4 e6 4.Nc3 Nf6 5.e3 Nbd7 6.Qc2 Bd6 7.g4 Nxg4 8.Rg1 f5
9.h3 Ngf6 10.Rxg7 Nf8 11.Rg2 Ng6 12.Bd2 Bd7 13.O-O-O Qe7 14.Bd3 a6 15.c5 Bc7
16.Rdg1 O-O-O 17.Ne1 Rhg8 18.f4 Nh4 19.Rxg8 Rxg8 20.Rxg8+ Nxg8 21.Qd1 Be8
22.Qe2 Bd8 23.Qf2 Qg7 24.Be2 Nf6 25.Nf3 Nxf3 26.Bxf3 Ne4 27.Nxe4 dxe4 28.Be2 Kd7
29.Be1 Bg6 30.b4 Qf7 31.a4 e5 32.fxe5 Qa2 33.Bc3 Qb3 34.Kd2 Qxa4 35.Bc4 a5
36.e6+ Ke8 37.Qf4 Bh5 38.Qf1 axb4 39.Bb2 b3 40.d5 Qa5+ 41.Kc1 Qxc5 42.Kb1 Bf3
43.Qg1 Bg4 44.Bxb3 cxd5 45.hxg4 f4 46.Qh2 d4 47.Qxh7  1-0

[Event "Jch-RUS g20"]
[Site "Essentuki RUS"]
[Date "2003.03.02"]
[Round "1"]
[White "Ubiennykh,E"]
[Black "Dultseva,S"]
[Result "1/2-1/2"]
[WhiteElo "2248"]
[BlackElo "2172"]

1.d4 d5 2.c4 c6 3.Nf3 Nf6 4.Nc3 e6 5.e3 Nbd7 6.Qc2 Bd6 7.Bd3 O-O 8.O-O a6
9.Bd2 dxc4 10.Bxc4 c5 11.dxc5 Bxc5 12.e4 Qc7 13.Bd3 b5 14.Rac1 Bb7 15.Ne2 Rac8
16.Qb1 Qb8 17.b4 Bb6 18.Bc3 Bc7 19.h3 h6 20.Rfe1 Rfd8 21.Bd4 Ne5 22.Nxe5 Bxe5
23.Bc5 Qa8 24.f3 Qb8 25.Red1 Nh5 26.Be3 Nf4 27.Rxc8 Rxc8 28.Nxf4 Bxf4 29.Bxf4 Qxf4
30.Qb2 Qe3+ 31.Qf2 Qxf2+ 32.Kxf2 e5 33.Rd2 Kf8 34.Bc2 Ke7 35.Bb3 f6 36.Rc2 Rxc2+
37.Bxc2 Bc6 38.Kg3 Bd7 39.Kh4 Be6 40.a4 bxa4 41.Bxa4 g6 42.Kg3 Bf7 43.Kf2 Kd6
44.Ke3 Bc4 45.Be8 g5  1/2-1/2

[Event "1st Breizh Masters"]
[Site "Guingamp FRA"]
[Date "2003.03.03"]
[Round "4"]
[White "Parmentier,X"]
[Black "Tripoteau,N"]
[Result "1/2-1/2"]
[WhiteElo "2339"]
[BlackElo "2262"]

1.Nf3 Nf6 2.c4 e6 3.Nc3 d5 4.d4 c6 5.e3 Nbd7 6.Qc2 Bd6 7.b3 O-O 8.Be2 Qe7
9.O-O dxc4 10.bxc4 e5 11.Rd1 e4 12.Nd2 Re8 13.a4 c5 14.Ba3 b6 15.Nb3 Bb7
16.Nb5 Bb8 17.Rab1 Qe6 18.dxc5 Nxc5 19.Nxc5 Qe5 20.g3 bxc5 21.Qd2 Bc6 22.a5 a6
23.Nc3 Bc7 24.Nd5 Rad8 25.Bb2 Qf5 26.Qc3 Bxd5 27.cxd5 Rxd5 28.Rxd5 Qxd5 29.Bxa6 Rb8
30.Bc4 Bxa5 31.Qxf6 gxf6 32.Bxd5 Bc3 33.Rc1 Bxb2 34.Rxc5 Be5 35.Bxe4 Re8
36.Bd5 Re7 37.Kg2 Kg7 38.Rb5 Rc7 39.Be4 Rc3 40.Kf3 Rc7 41.Kg4 Rc3 42.Kf5 Bd6
43.Rb7 Rc7 44.Rb6 Rc5+ 45.Kg4 Bc7 46.Rb7 Rg5+ 47.Kf3 Rc5 48.Ke2 Bd6 49.Rd7 Be5
50.h4 Rc7 51.Rd8 Re7 52.Bf5 Rc7 53.f4 Bc3 54.Kf3 Bb4 55.Be4 Be7 56.Re8 Bc5
57.Bd5 Re7 58.Rxe7 Bxe7 59.g4 Bc5 60.g5 fxg5 61.hxg5 f6 62.gxf6+ Kxf6 63.Bc6 h5
64.Bd7 h4 65.Bh3 Bb6 66.e4 Bc7 67.Kg4 Bd8 68.Bf1 Bc7 69.Bc4  1/2-1/2

[Event "X Anibal Open"]
[Site "Linares ESP"]
[Date "2003.03.03"]
[Round "4"]
[White "Riazantsev,A"]
[Black "Yagupov,I"]
[Result "1-0"]
[WhiteElo "2538"]
[BlackElo "2458"]

1.d4 d5 2.c4 e6 3.Nf3 Nf6 4.Nc3 c6 5.e3 Nbd7 6.Qc2 Bd6 7.b3 O-O 8.Be2 b6
9.O-O Bb7 10.Bb2 Qe7 11.Rfd1 Rad8 12.Rac1 Rfe8 13.cxd5 exd5 14.Bf1 Ne4 15.Nxe4 dxe4
16.Nd2 c5 17.Nc4 Bb8 18.g3 cxd4 19.Bxd4 Nf8 20.Bb2 Rxd1 21.Rxd1 Rd8 22.Ba3 Qf6
23.Bb2 Qe7 24.Bh3 Rd5 25.Rxd5 Bxd5 26.Nd2 Be5 27.Bf5 Bxb2 28.Qxb2 Nd7 29.Qc2 Nf6
30.Qc8+ Qf8 31.Qc7 g6 32.Qe5 Qb4 33.Nf1 gxf5 34.Qxf6 Be6 35.h4 Qf8 36.Qg5+ Kh8
37.Qf6+ Kg8 38.Qg5+ Kh8 39.Qf4 h6 40.Nd2 Kh7 41.Nc4 Qc5 42.Nd6 Qd5 43.Kh2 Kg6
44.Ne8 Qd8 45.Nd6 h5 46.Nb5 f6 47.Nd4 Qd7 48.Qb8 Bd5 49.Ne2 Bf7 50.Qh8 f4
51.Nxf4+ Kf5 52.Nxh5 Bxh5 53.Qxh5+ Ke6 54.Qg6 Qd3 55.h5  1-0

[Event "X Anibal Open"]
[Site "Linares ESP"]
[Date "2003.03.04"]
[Round "5"]
[White "Sorokin,M"]
[Black "Porper,E"]
[Result "1/2-1/2"]
[WhiteElo "2560"]
[BlackElo "2429"]

1.d4 d5 2.c4 c6 3.Nf3 Nf6 4.Nc3 e6 5.e3 a6 6.Qc2 c5 7.a3 dxc4 8.Bxc4 Nbd7
9.dxc5 Bxc5 10.b4 Be7 11.Nd4 Nb6 12.Bd3  1/2-1/2

[Event "Edda Rapid"]
[Site "Reykjavic ISL"]
[Date "2003.03.04"]
[Round "6"]
[White "Sokolov,I"]
[Black "Gurevich,M"]
[Result "1/2-1/2"]
[WhiteElo "2688"]
[BlackElo "2634"]

1.d4 d5 2.c4 c6 3.Nc3 Nf6 4.e3 e6 5.Nf3 a6 6.Qc2 c5 7.dxc5 Bxc5 8.a3 dxc4
9.Bxc4 b5 10.Be2 Nbd7 11.O-O Bb7 12.b4 Bd6 13.Rd1 Qc7 14.Bb2 Rc8 15.Qd2 Be7
16.Rac1 Qb8 17.e4 O-O 18.h3 Nb6 19.e5 Ne4 20.Nxe4 Bxe4 21.Qf4 Bg6 22.Bd4 Rfd8
23.Rxc8 Rxc8 24.Rc1 Nd5 25.Rxc8+ Qxc8 26.Qd2 h6 27.g3 Be4 28.h4 Qc6 29.Ne1 Nb6
30.Qe3 Nc4 31.Bxc4 bxc4 32.f3 Bd5 33.Kf2 Qa4 34.Qc3 Qd1 35.Be3 Qb1 36.Bd4 Qf5
37.Bc5 Bd8 38.a4 f6 39.Bd4 fxe5 40.Bxe5 Bb6+ 41.Kg2 g5 42.hxg5 hxg5 43.Bh8 Qh7
44.Bd4 Bc7 45.Be5 g4 46.Bxc7 Qxc7 47.Kf2 Qh7 48.fxg4 Qh2+ 49.Kf1 Qh3+ 50.Kf2 Qxg4
51.Qe5 Qd1 52.b5 axb5 53.axb5 Qd2+ 54.Kf1 c3 55.b6 Qb2 56.Qg5+ Kf8 57.Qf4+ Ke8
58.Qb8+ Ke7 59.Qc7+ Kf6 60.Qf4+ Ke7 61.Qc7+  1/2-1/2

[Event "Edda Rapid"]
[Site "Reykjavic ISL"]
[Date "2003.03.04"]
[Round "6"]
[White "Krasenkow,M"]
[Black "Shirov,A"]
[Result "0-1"]
[WhiteElo "2633"]
[BlackElo "2723"]

1.d4 d5 2.c4 c6 3.Nc3 Nf6 4.e3 e6 5.Nf3 Nbd7 6.Bd3 dxc4 7.Bxc4 b5 8.Bd3 Bb7
9.a3 b4 10.Ne4 Nxe4 11.Bxe4 bxa3 12.bxa3 Bd6 13.Bb2 O-O 14.Rc1 Rc8 15.Nd2 Nf6
16.Bf3 Ba6 17.Nc4 Rb8 18.Qd2 Rb3 19.Nxd6 Qxd6 20.Rxc6 Qb8 21.Rxa6 Rxb2 22.Qd3 Rb3
23.Qc2 Rb2 24.Qd3 Rb3 25.Qc2 Qb5 26.Rc6 Rxa3 27.Bd1 Nd5 28.Rc5 Qb4+ 29.Qd2 a5
30.Qxb4 axb4 31.Rb5 Nc3 32.Rxb4 Nxd1 33.O-O Nc3 34.g3 g6 35.Kg2 Nd5 36.Rb7 Rc8
37.Rb2 h5 38.Rfb1 Kg7 39.h4 Nf6 40.Rb7 Ng4 41.R1b2 Rac3 42.Kf3 Rc2  0-1

[Event "FSGM March"]
[Site "Budapest HUN"]
[Date "2003.03.05"]
[Round "5"]
[White "Flumbort,A"]
[Black "Todorovic,GM"]
[Result "1/2-1/2"]
[WhiteElo "2443"]
[BlackElo "2457"]

1.d4 d5 2.c4 e6 3.Nf3 Nf6 4.Nc3 c6 5.e3 Nbd7 6.Bd3 dxc4 7.Bxc4 b5 8.Bd3 a6
9.e4 c5 10.d5 Qc7 11.O-O c4 12.Bc2 Bc5 13.b3 O-O 14.bxc4 bxc4 15.Rb1 e5 16.Bg5 Ne8
17.Qe2 f6 18.Bd2 Nd6 19.Na4 a5 20.Bc3 Ba6 21.Qd2 Bb5 22.Nb2 Ba3 23.Nh4 Nc5
24.Qe3 Rfc8 25.Nd1 Nd3 26.Nf5 Nxf5 27.exf5 Rab8 28.Qd2 e4 29.Ne3 a4 30.Qe2 Re8
31.Rxb5 Rxb5 32.Bxa4  1/2-1/2

[Event "X Anibal Open"]
[Site "Linares ESP"]
[Date "2003.03.05"]
[Round "6"]
[White "Porper,E"]
[Black "Adly,A"]
[Result "0-1"]
[WhiteElo "2429"]
[BlackElo "2315"]

1.d4 d5 2.c4 e6 3.Nf3 Nf6 4.Nc3 c6 5.e3 Nbd7 6.Bd3 dxc4 7.Bxc4 b5 8.Bd3 a6
9.a4 b4 10.Ne4 c5 11.a5 Bb7 12.Ned2 Be7 13.O-O O-O 14.Qe2 Qb8 15.h3 Qa7 16.Rd1 Rac8
17.Nc4 Qa8 18.dxc5 Bxf3 19.gxf3 Rxc5 20.e4 Rh5 21.Qf1 Nc5 22.Nb6 Qb8 23.Bc2 Bd6
24.Be3 Bf4 25.Bd4 Ncd7 26.Bd3 Ne5 27.Be2 Kh8 28.Ra4 Nc6 29.Bxf6 gxf6 30.Nd7 Rg8+
31.Kh1 Qa7 32.Nb6 Qe7 33.Nc4 f5 34.Ne3 Bxe3  0-1

[Event "X Anibal Open"]
[Site "Linares ESP"]
[Date "2003.03.05"]
[Round "6"]
[White "Kempinski,R"]
[Black "Yagupov,I"]
[Result "1-0"]
[WhiteElo "2545"]
[BlackElo "2458"]

1.d4 d5 2.c4 c6 3.Nf3 Nf6 4.Nc3 e6 5.e3 Nbd7 6.Qc2 Bd6 7.g4 Bb4 8.Bd2 Qe7
9.Bd3 e5 10.cxd5 Nxd5 11.Nxd5 cxd5 12.dxe5 Bxd2+ 13.Qxd2 O-O 14.Qc3 f6 15.Qd4 Nxe5
16.Nxe5 Qxe5 17.h3 Bd7 18.f4 Qxd4 19.exd4 Rac8 20.Kd2 h6 21.Rac1 Kf7 22.Rc5 b6
23.Rxc8 Rxc8 24.Re1 Re8 25.Rg1 g5 26.f5 h5 27.gxh5 Rh8 28.Be2 Bxf5 29.Bg4 Be4
30.Rc1 Re8 31.Rc7+ Re7 32.Rc6 f5 33.Be2 Re6 34.Rc7+ Re7 35.Rc3 Kf6 36.Ke3 Kg7
37.Kf2 Kh7 38.b4 Rf7 39.a4 Re7 40.a5 bxa5 41.bxa5 Rb7 42.a6 Rb2 43.Rc7+ Kh6
44.Rxa7 g4 45.hxg4 fxg4 46.Ke3 g3 47.Ra8 Rb3+ 48.Kd2 g2 49.Rg8 Rb1 50.a7 Ra1
51.Bd3 Rxa7 52.Bxe4 dxe4 53.Ke3 Re7 54.Rxg2 Kxh5 55.d5 Re8 56.Rg7 Kh6 57.Rg4 Ra8
58.Rg1 Re8 59.Rg3 Re7 60.Kd4 Rg7 61.Re3 Rg1 62.Rxe4 Kg5 63.Ke5 Ra1 64.Re2 Kg6
65.Ke6 Kg7 66.d6 Kf8 67.Rf2+  1-0

[Event "Milovan Prvulj Mem"]
[Site "Pancevo YUG"]
[Date "2003.03.05"]
[Round "8"]
[White "Vasovski,N"]
[Black "Scekic,M"]
[Result "1/2-1/2"]
[WhiteElo "2325"]
[BlackElo "2447"]

1.d4 d5 2.c4 c6 3.e3 Nf6 4.Nc3 e6 5.Nf3 Nbd7 6.Qc2 b6 7.cxd5 exd5 8.Bd3 Bd6
9.g4 Nxg4 10.Rg1 h5 11.e4 dxe4 12.Bxe4 Bb7 13.Bg5 Ngf6 14.O-O-O Qc7 15.Bf5 O-O-O
16.Ne5 Kb8 17.Nxf7 Bxh2 18.Nxd8 Rxd8 19.Rge1 Bf4+ 20.Bxf4 Qxf4+ 21.Kb1 g5
22.f3 h4 23.Be4 Rf8 24.Qg2 Rg8 25.Ne2 Qd6 26.Nc3 Qf4 27.Ne2  1/2-1/2

[Event "Jch-RUS g20"]
[Site "Essentuki RUS"]
[Date "2003.03.06"]
[Round "5"]
[White "Gunina,V"]
[Black "Dultseva,S"]
[Result "1-0"]
[WhiteElo "2213"]
[BlackElo "2172"]

1.d4 d5 2.c4 e6 3.Nf3 Nf6 4.Nc3 c6 5.e3 Nbd7 6.Qc2 Bd6 7.Bd2 b6 8.cxd5 exd5
9.Bd3 O-O 10.O-O Bb7 11.h3 Re8 12.Rfe1 c5 13.Nh2 Ne4 14.Nf1 Qh4 15.Nxe4 dxe4
16.Bb5 Red8 17.Bc3 Nf6 18.Rac1 Rac8 19.Qb3 Bd5 20.Qa4 Be6 21.dxc5 bxc5 22.f4 Nd5
23.Qxe4 Nxc3 24.bxc3 g5 25.Re2 gxf4 26.Rf2 Kh8 27.exf4 Rg8 28.Rd1 Bc7 29.Rf3 Bxh3
30.Rxh3 Qxh3 31.Bd7 Qh5 32.Rd5 Qg6 33.Bf5 Qg7 34.Bxc8 Rxc8 35.Rg5 Qxc3 36.Qb7 Qd4+
37.Kh1 Qd8 38.Rxc5 Qh4+ 39.Kg1 Bb6 40.Qxc8+ Kg7 41.g4 Qe7 42.Ng3 Qxc5+ 43.Qxc5 Bxc5+
44.Kg2 f6 45.Kf3 Kf7 46.Ke4 Bf2 47.Ne2 Kg6 48.Nc3 Bb6 49.Nd5 Bd8 50.Nb4 Be7
51.Nc6 Bc5 52.a4 h6 53.Nd8 Bb6 54.Ne6 Ba5 55.f5+ Kf7 56.Kd5 Ke7 57.Kc6 Bb6
58.Nf4 Bd4 59.Nd5+ Kf7 60.a5 Kg7 61.a6 h5 62.gxh5 Kh6 63.Kb7 Kxh5 64.Ne7 Kg5
65.Nc6 Bf2 66.Nxa7 Kxf5 67.Nc8 Ke4 68.Nb6 Bxb6 69.Kxb6 f5 70.a7 f4 71.a8=Q+ Ke3
72.Qg2 f3 73.Qf1  1-0

[Event "X Anibal Open"]
[Site "Linares ESP"]
[Date "2003.03.06"]
[Round "7"]
[White "Pogorelov,R"]
[Black "Moreno Tejera,E"]
[Result "1/2-1/2"]
[WhiteElo "2517"]
[BlackElo "2366"]

1.d4 d5 2.c4 e6 3.Nc3 c6 4.e3 Nf6 5.Nf3 Nbd7 6.Bd3 Bd6 7.O-O O-O 8.e4 dxe4
9.Nxe4 Nxe4 10.Bxe4 h6 11.b3 e5 12.Bc2 exd4 13.Qxd4 Bc5 14.Qf4 Be7 15.Re1 Re8
16.Bb2 Bf6 17.Rxe8+ Qxe8 18.Re1 Qd8 19.Qe4 Nf8 20.Bxf6 Qxf6 21.Qe8 b6 22.Bh7+ Kxh7
23.Qxf8 c5 24.Ne5 Bb7 25.Qxf7 Rf8 26.Qxf6 Rxf6 27.f3 Rd6 28.Kf2 a6 29.Re3 Rd2+
30.Re2 Rd6 31.Ke3 Rd1 32.Rd2 Re1+ 33.Kf4 Bc8 34.Nf7 Be6 35.Nd6 Bg8 36.h4 Rh1
37.Ne4 Rc1 38.Kf5 b5 39.cxb5 axb5 40.Rd7 Rc2 41.g4 Rxa2 42.g5 hxg5 43.hxg5 Ra8
44.Nxc5 Rf8+ 45.Ke4 Re8+ 46.Kd4 Rf8 47.Rb7 Rxf3 48.Rxb5 Rf5 49.b4 Rxg5 50.Rb7 Rg4+
51.Ne4 Kh6 52.b5 Bh7 53.Re7 Rg1 54.Re6+ Kh5 55.Re5+ Kh6 56.Nc3 Rg4+ 57.Kd5 Bg8+
58.Kd6 Rd4+ 59.Kc6 Rc4+ 60.Rc5 Be6 61.Rxc4 Bxc4 62.b6 Ba6 63.Ne4 g5 64.Nc5 Bc8
65.Kc7 g4 66.Kxc8 g3 67.b7 g2 68.b8=Q g1=Q 69.Qd6+ Qg6 70.Ne6 Qe8+ 71.Kc7 Qf7+
72.Kc6 Qf6 73.Kc7 Qf7+ 74.Kc8  1/2-1/2

[Event "X Anibal Open"]
[Site "Linares ESP"]
[Date "2003.03.08"]
[Round "9"]
[White "Ezat,M"]
[Black "Korneev,O"]
[Result "0-1"]
[WhiteElo "2381"]
[BlackElo "2613"]

1.d4 d5 2.c4 e6 3.Nc3 c6 4.e3 Nf6 5.Nf3 Nbd7 6.Bd3 dxc4 7.Bxc4 b5 8.Bd3 Bb7
9.e4 b4 10.Na4 c5 11.e5 Nd5 12.Nxc5 Nxc5 13.dxc5 Bxc5 14.Bb5+ Kf8 15.O-O h6
16.Qe2 Qb6 17.Bd2 g6 18.a4 a5 19.h4 Kg7 20.Rac1 Ne7 21.h5 Nf5 22.Kh2 Rhd8
23.hxg6 fxg6 24.g4 Nd4 25.Nxd4 Bxd4 26.Be3 Rd5 27.Rc4 Rf8 28.Rxd4 Rxd4 29.Rd1 Qd8  0-1

[Event "Jch-RUS b20"]
[Site "Essentuki RUS"]
[Date "2003.03.09"]
[Round "7"]
[White "Iljin,A"]
[Black "Savchenko,B"]
[Result "1/2-1/2"]
[WhiteElo "2462"]
[BlackElo "2431"]

1.Nf3 Nf6 2.c4 e6 3.Nc3 d5 4.d4 c6 5.e3 Be7 6.b3 a6 7.Bd3 O-O 8.O-O Nbd7
9.Qe2 b5 10.Rd1 Qc7 11.Bb2 Bb7 12.c5 e5 13.Nxe5 Nxe5 14.dxe5 Nd7 15.f4  1/2-1/2

[Event "36th Ladies GM"]
[Site "Belgrade YUG"]
[Date "2003.03.10"]
[Round "6"]
[White "Olarasu,G"]
[Black "Jicman,L"]
[Result "1-0"]
[WhiteElo "2293"]
[BlackElo "2256"]

1.d4 d5 2.c4 c6 3.Nc3 Nf6 4.e3 e6 5.Nf3 Nbd7 6.Qc2 Bd6 7.Be2 O-O 8.O-O Re8
9.Rd1 Qe7 10.h3 a6 11.e4 dxe4 12.Nxe4 Nxe4 13.Qxe4 e5 14.Bg5 f6 15.Be3 exd4
16.Qxe7 Bxe7 17.Bxd4 Bc5 18.Bf1 Bxd4 19.Nxd4 c5 20.Nf5 Ne5 21.Nd6 Rd8 22.Ne4 Be6
23.Nxc5 Rxd1 24.Rxd1 Bxc4 25.Bxc4+ Nxc4 26.b3 Na5 27.Rd7 b6 28.Ne6 Re8 29.Nxg7 Re1+
30.Kh2 Re2 31.f4 Rxa2 32.Nh5 f5 33.Nf6+ Kf8 34.Nxh7+ Ke8 35.Nf6+ Kf8 36.Rd5 Kf7
37.Nd7 Ke6 38.Nxb6 Nxb3 39.Re5+ Kf6 40.Nd5+ Kg6 41.Ne7+ Kf7 42.Nxf5 a5 43.h4 Nd2
44.Kh3 Nf1 45.h5 Ra3+ 46.g3 Ra2 47.Ne3 Nd2 48.Nd5 Kg7 49.Re2 Kh6 50.Kg4 Rb2
51.Re7 Rb8 52.Nf6 Rh8 53.Rd7 Nc4 54.Kh4  1-0

[Event "Jch-RUS g20"]
[Site "Essentuki RUS"]
[Date "2003.03.11"]
[Round "9"]
[White "Khusnutdinova,L"]
[Black "Dultseva,S"]
[Result "1-0"]
[WhiteElo "2294"]
[BlackElo "2172"]

1.d4 d5 2.Nf3 Nf6 3.c4 c6 4.Nc3 e6 5.e3 Nbd7 6.Qc2 Bd6 7.Bd3 O-O 8.Bd2 a6
9.O-O dxc4 10.Bxc4 c5 11.Bd3 Rb8 12.Rfd1 b5 13.Ne4 Nxe4 14.Bxe4 f5 15.Bc6 c4
16.b3 Nb6 17.Ba5 cxb3 18.Qxb3 Qe7 19.Ne5 Bxe5 20.dxe5 Qc5 21.Bf3 Re8 22.Bb4 Qc4
23.Bd6 Bb7 24.Bxb8 Bxf3 25.gxf3 Rxb8 26.Rac1 Qxb3 27.axb3 a5 28.Rc5 Nd5 29.Ra1 a4
30.bxa4 bxa4 31.Rxa4 Rb1+ 32.Kg2 Rb2 33.Kg3 g5 34.Ra7 Rb8 35.Rc6 Re8 36.Rd6 f4+
37.Kg4 fxe3 38.fxe3 Nxe3+ 39.Kxg5 Nf5 40.Rxe6 Rxe6 41.Kxf5 Rh6 42.Ra2 Kf7
43.f4 Ke7 44.Rg2 Rh5+ 45.Kg4 Rh6 46.f5 Ra6 47.Rb2 Ra7 48.Kg5 Rd7 49.Rb3 Kf7
50.Rh3 Kg7 51.f6+ Kf8 52.Kf5  1-0

[Event "69th ch-BLR"]
[Site "Minsk BLR"]
[Date "2003.03.11"]
[Round "12"]
[White "Surma,D"]
[Black "Kupreichik,V"]
[Result "0-1"]
[WhiteElo "2383"]
[BlackElo "2490"]

1.d4 d5 2.Nf3 c6 3.c4 Nf6 4.e3 e6 5.Nc3 Nbd7 6.Bd3 dxc4 7.Bxc4 b5 8.Bd3 a6
9.e4 c5 10.e5 cxd4 11.Nxb5 Ng4 12.Nbxd4 Bb7 13.Qa4 Qb6 14.O-O Bc5 15.Be2 O-O
16.Rd1 Rad8 17.Bg5 f6 18.exf6 Ndxf6 19.Qb3 Rxd4 20.Nxd4 Bxd4 21.Qxb6 Bxb6
22.Bh4 Bd5 23.h3 Nh6 24.Bxa6 Ne4 25.Kh2 Nf5 26.Bg3 Nfxg3 27.fxg3 Bc7 28.Rac1 Bxg3+
29.Kg1 Nd6 30.Rc3 Be5 31.Re3 Bxb2 32.a4 Ra8 33.Bb5 Nxb5 34.axb5 Rb8 35.Kh1 Rxb5
36.Re2 Bf6 37.Rc2 h5 38.Kg1 Kh7 39.Re2 h4 40.Rde1 Kg6 41.Rxe6 Bxe6 42.Rxe6 Kf5
43.Ra6 Bd4+  0-1

[Event "Jch-RUS g20"]
[Site "Essentuki RUS"]
[Date "2003.03.12"]
[Round "10"]
[White "Gunina,V"]
[Black "Novikova,A"]
[Result "1-0"]
[WhiteElo "2213"]
[BlackElo "2221"]

1.d4 d5 2.c4 e6 3.Nc3 c6 4.Nf3 Nf6 5.e3 Nbd7 6.Qc2 Bd6 7.Bd3 O-O 8.O-O dxc4
9.Bxc4 e5 10.dxe5 Nxe5 11.Nxe5 Bxe5 12.h3 Qe7 13.Bd3 Re8 14.Bd2 Be6 15.e4 Rad8
16.f4 Bd4+ 17.Kh1 Ng4 18.Nd1 f5 19.e5 g6 20.Be1 Qg7 21.Bh4 Qh6 22.Bg5 Qh5
23.Bc4 Bxc4 24.Qxc4+ Rd5 25.Nc3 Nxe5 26.fxe5 Bxc3 27.Bf6 Bxe5 28.Rae1 f4
29.Re4 Re6 30.Bxe5 Rexe5 31.Rexf4 Rf5 32.Re1 Re5 33.Ref1 Rf5 34.R1f3 Qg5
35.Rxf5 gxf5 36.Qc3 Qe7 37.Rxf5 Qe1+ 38.Kh2 Qe6 39.Qg3+ Kh8 40.Rf8+  1-0

[Event "Jch-RUS g20"]
[Site "Essentuki RUS"]
[Date "2003.03.12"]
[Round "10"]
[White "Zakharova,A"]
[Black "Dultseva,S"]
[Result "1-0"]
[WhiteElo "2107"]
[BlackElo "2172"]

1.d4 d5 2.c4 e6 3.Nf3 Nf6 4.Nc3 c6 5.e3 Nbd7 6.Qc2 Bd6 7.Bd2 O-O 8.Bd3 a6
9.O-O c5 10.cxd5 exd5 11.dxc5 Nxc5 12.Be2 Re8 13.h3 Nce4 14.Rfd1 Bf5 15.Qb3 Nc5
16.Qa3 Bc2 17.b4 Bxd1 18.Rxd1 Nce4 19.Qb3 Rc8 20.Be1 Qc7 21.Nxd5 Nxd5 22.Rxd5 Red8
23.Rd4 Qe7 24.Bc4 Kf8 25.Qd3 Nf6 26.Ng5 g6 27.Bc3 Be5 28.Rxd8+ Rxd8 29.Qc2 Bxc3
30.Qxc3 Rc8 31.Qb3 b5 32.Bxf7 Rc1+ 33.Kh2 Qd6+ 34.f4 Rd1 35.Qc2 h6 36.Bb3  1-0

[Event "19th Open"]
[Site "Bad Woerishofen GER"]
[Date "2003.03.16"]
[Round "4"]
[White "Teske,H"]
[Black "Sandipan,C"]
[Result "1-0"]
[WhiteElo "2531"]
[BlackElo "2464"]

1.d4 d5 2.Nf3 Nf6 3.c4 e6 4.Nc3 c6 5.e3 Nbd7 6.Qc2 Bd6 7.g4 Bb4 8.Bd2 Qe7
9.Rg1 Bxc3 10.Bxc3 b6 11.Nd2 h6 12.e4 dxe4 13.h4 e5 14.g5 hxg5 15.hxg5 Nh5
16.Qxe4 Bb7 17.dxe5 O-O-O 18.O-O-O Nc5 19.Qe3 Na4 20.Bh3+ Kb8 21.Ne4 Nxc3
22.Nxc3 g6 23.Bg4 Ng7 24.Qf4 Ne6 25.Qf6 Qxf6 26.gxf6 Nf4 27.Kc2 c5 28.Rxd8+ Rxd8
29.Rd1 Rxd1 30.Kxd1 Bc8 31.Bxc8 Kxc8 32.Nd5 Ne6 33.Kd2 Kd7 34.Ke3 Nd4 35.Ke4 Ne6
36.f4 Nd8 37.Ne7 Ne6 38.f5 gxf5+ 39.Nxf5 Ng5+ 40.Kd5 Ne6 41.Nd6 Nc7+ 42.Ke4 a6
43.Nxf7 b5 44.Nd6 bxc4 45.Nxc4 Ke6 46.Nd2 Kf7 47.Nb3 Ne6 48.Kd5  1-0

[Event "TCh-CZE 2002-3"]
[Site "Czech Rep CZE"]
[Date "2003.03.16"]
[Round "9"]
[White "Vavrak,P"]
[Black "Virostko,P"]
[Result "1/2-1/2"]
[WhiteElo "2397"]
[BlackElo "2354"]

1.Nf3 Nf6 2.c4 e6 3.Nc3 d5 4.d4 c6 5.e3 Nbd7 6.Bd3 Bd6 7.O-O dxc4 8.Bxc4 b5
9.Bd3 a6 10.e4 e5 11.Ne2 O-O 12.Qc2 c5 13.dxe5 Nxe5 14.Nxe5 Bxe5 15.Rd1 Qc7
16.Ng3 c4 17.Be2 Bb7 18.Bf3 Rfe8 19.Re1 Nd7  1/2-1/2

[Event "TCh-FIN 2002-3"]
[Site "Finland FIN"]
[Date "2003.03.16"]
[Round "9"]
[White "Paldanius,P"]
[Black "Topi Hulmi,T"]
[Result "1-0"]
[WhiteElo "2237"]
[BlackElo "2139"]

1.c4 c6 2.Nf3 d5 3.e3 Nf6 4.Nc3 e6 5.d4 Nbd7 6.Bd3 Be7 7.e4 dxe4 8.Nxe4 O-O
9.O-O b6 10.Qe2 Bb7 11.Rd1 Qc7 12.Bg5 Rfe8 13.Rac1 Rad8 14.c5 Nd5 15.Nd6 Rf8
16.Bxe7 Nxe7 17.Ng5 Nf6 18.Qc2 g6 19.Nge4 Nxe4 20.Bxe4 b5 21.Bf3 Nf5 22.Nxf5 exf5
23.d5 cxd5 24.c6 Bc8 25.Bxd5 Rd6 26.Bf3 Rfd8 27.Rxd6 Rxd6 28.h3 Be6 29.a4 Bc4
30.b3 Bd3 31.Qc3 bxa4 32.bxa4 Be4 33.Bxe4 fxe4 34.Qc4 Re6 35.Qb5 a5 36.Qb7 Re7
37.Rb1 Kg7 38.Qb2+ Kg8 39.Qc3 Qa7 40.Rd1 Qc7 41.Rd5 f5 42.Rxa5 e3 43.fxe3 Qg3
44.Ra8+ Kf7 45.Qc4+ Kf6 46.Qd4+ Kf7 47.Ra7 Rxa7 48.Qxa7+ Ke6 49.Qd7+ Kf6
50.Qd4+ Ke6 51.Kf1 g5 52.Qc4+ Kf6 53.c7  1-0

[Event "TCh-FIN 2002-3"]
[Site "Finland FIN"]
[Date "2003.03.16"]
[Round "9"]
[White "Sisatto,O"]
[Black "Rantanen,T"]
[Result "0-1"]
[WhiteElo "2227"]
[BlackElo "2166"]

1.d4 d5 2.c4 c6 3.Nc3 Nf6 4.e3 e6 5.Nf3 Be7 6.Qc2 O-O 7.b3 b6 8.Bb2 Bb7 9.Be2 Nbd7
10.O-O Rc8 11.Rfd1 Qc7 12.Rac1 Qb8 13.Qb1 c5 14.cxd5 Nxd5 15.Nxd5 Bxd5 16.e4 Bb7
17.d5 exd5 18.exd5 Rfd8 19.h4 Nf8 20.Qe4 Qd6 21.Be5 Qd7 22.Qe3 Re8 23.Qc3 f6
24.Bg3 Bd6 25.Bb5 Qxb5 26.Bxd6 Rcd8 27.Bxf8 Kxf8 28.a4 Qd7 29.Qd3 Qxd5 30.Qxh7 Qxb3
31.Rxd8 Rxd8 32.Re1 Bxf3 33.gxf3 Qf7 34.h5 c4 35.h6 gxh6 36.Qh8+ Qg8+ 37.Qxg8+ Kxg8
38.Re7 Rc8  0-1